000 01754nam a22001577a 4500
999 _c525477
_d525477
008 240306b ||||| |||| 00| 0 eng d
100 _aOmprasad, Gadde
_950251
245 _aState electricity boards: An entourage for reforms
260 _aBihar Journal of Public Administration
300 _a20(2), Jul-Dec, 2023: p.260-270
520 _aThe power sector in India has a long history. At the time of independence India’s installed power generation capacity was 1362 MW catering bare minimum needs of only few sections of the society. The Industrial Policy Resolution 1948 emphasised on the importance of power sector and included it in the controlled private sector category. Since then efforts were made to increase the power generation activities and to reach the electricity to all over the country. As the country slowly progressed towards achieving self reliance in food grain production, industrial manufacturing activities and domestic household connections, there has been a substantial growth in power generation which recorded more than 388 GW by the end of 2020. In the process the power sector went through consistent reviews, policy changes based on the recommendations of various committees. There were many initiatives taken to address the institutional, infrastructural, financial issues of performance of State Electricity Boards as they played a crucial role in distributing the electricity to the various categories of consumers. The article attempted to look into the recommendations of various committees since 1970s to address the generatio. Reproduced http://www.iipabiharbranch.org/
650 _aPower sector
_950252
773 _aBihar Journal of Public Administration
906 _aELECTRICITY
942 _cAR